000 00439nam a22001577a 4500
020 _a070690351X
082 _a512.904
_bSING
_cL-1, p-23
100 _aSurjeet Singh
_939304
245 _aModern algebra
_cSurjeet Singh
250 _a3rd
260 _aDelhi
_bSurjeet Singh and Qazi Zameeruddin
_c1972
300 _aviii, 499 p. :
_bill, ;
_c20 cm.
526 _a0
_b0
_c0
_d512_904000000000000_SING
650 _aMCE
_9379
942 _2ddc
_cBK
999 _c543806
_d543806